000 01564nam0a2200313 4500
001 RU\NLR\bibl\1336659
005 20250615165415.0
021 _aRU
_b2008-106952
_96307
035 _a(NLR Aleph) 001321848
090 _a744944
_c744944
100 _a20090305d2008 |||y0rusy50 ca
101 0 _arus
102 _aRU
105 _aa |||||||||
200 1 _aОсновное содержание технологий разработки региональных программ социокультурного развития в России 1990-х гг.
_fС.Б. Брижатова
_gФедерал. агентство по культуре и кинематографии, Федерал. гос. образоват. учреждение высш. проф. образования "Алт. гос. акад. культуры и искусств"
205 _a2-е изд.
210 _aБарнаул
_cИзд-во Алтайской государственной академии культуры и искусств
_d2008
215 _a194 с.
_cил.
_d21
320 _aБиблиогр.: с. 190-194 (65 назв.)
606 1 _aРегионы Российской Федерации
_xСоциокультурное развитие
_92245860
_3RU\NLR\auth\661347367
686 _aС550.2
700 1 _aБрижатова
_bС. Б.
_gСветлана Борисовна
_4070
801 0 _aRU
_bNLR
_c20090305
_gRCR
801 1 _aRU
_bNLR
_c20090305
830 _aавт. по кн.
942 _cBOOK
980 _aNB
980 _aNBR